| 000 | 00763aam a2200301 4500 | ||
|---|---|---|---|
| 005 | 20260309141923.0 | ||
| 008 | 150805b1982 xxu||||| |||| 00| 0 spa d | ||
| 020 | _a9500600471 | ||
| 041 | _aESP | ||
| 082 | _a617.692 A453p | ||
| 100 |
_aAllan, D.N _918245 |
||
| 100 | _aForeman, P.C | ||
| 245 | _aProstodoncia de coronas y puentes | ||
| 260 | _aArgentina | ||
| 260 | _bEditorial Médica Panamericana | ||
| 260 | _c1987 | ||
| 300 | _a152 páginas | ||
| 300 | _bIlustraciones a color | ||
| 490 | _aMecánica Dental | ||
| 650 | _aPROSTODONCIA | ||
| 650 | _aODONTOLOGÍA ESTÉTICA | ||
| 650 | _aPRÓTESIS PARCIAL | ||
| 650 | _aCORONAS | ||
| 650 | _aPUENTES | ||
| 650 | _aCORONAS VENEER | ||
| 650 | _aMATERIALES DE IMPRESIÓN | ||
| 942 |
_cBK _2ddc |
||
| 999 |
_c527 _d527 |
||